000 00657nam a2200241Ia 4500
003 OSt
005 20220918175032.0
006 a|||||r|||| 00| 0
007 ta
008 220917b |||||||| |||| 00| 0 eng d
024 _a15,299
037 _cTextual
040 _aARTS
_cARTS
_beng
041 _2eng
_aeng
082 _aO111:g, K2
100 _aWinters Yvor
_927065
245 0 _aFunction fo criticism
_b Problems and exercises
260 _aLondon
_bRoutldge and Kegan Paul
_c1962
300 _a200p. illus
_ccm.
650 _aENGLISH LITERATURE
942 _hO111:g, K2
_cTEXL
_2CC
999 _c155722
_d155722